书目信息 |
| 题名: |
欧也妮.葛朗台 古物陈列室
|
|
| 作者: | 巴尔扎克 著 | |
| 分册: | ||
| 出版信息: | 北京 人民文学出版社 1989.09 |
|
| 页数: | 389页 | |
| 开本: | 32开 | |
| 丛书名: | ||
| 单 册: | ||
| 中图分类: | I565.4 | |
| 科图分类: | ||
| 主题词: | 文学 | |
| 电子资源: | ||
| ISBN: | 7-02-000809-7 | |
| 000 | 00574nam0 2200193 45 | |
| 001 | 0009262063 | |
| 005 | 20000926203309.5 | |
| 010 | @a7-02-000809-7@d13.15元 | |
| 100 | @a20000926d1989 km y0chiy0120 ea | |
| 101 | 0 | @achi |
| 105 | @a z 000yy | |
| 200 | 1 | @a欧也妮.葛朗台 古物陈列室@AOu Ye Ni.Ge Lang Tai Gu Wu Chen Lie Shi@f(法)巴尔扎克著@F(Fa)Ba Er Zha Ke Zhu |
| 210 | @a北京@c人民文学出版社@d1989.09 | |
| 215 | @a389页@d32开 | |
| 606 | 0 | @a文学 |
| 690 | @aI565.4@v3 | |
| 701 | 0 | @a巴尔扎克@4著 |
| 801 | @aCN@bPftUser@c20000926 | |
| 905 | @b155571-575@dI565.4@eB967/6@f5 | |
| 欧也妮.葛朗台 古物陈列室/(法)巴尔扎克著.-北京:人民文学出版社,1989.09 |
| 389页;32开 |
| ISBN 7-02-000809-7:13.15元 |
| ● |
| 相关链接 |
|
|
|
正题名:欧也妮·葛朗台古物陈列室
索取号:I565.4/B967/6
 
预约/预借
| 序号 | 登录号 | 条形码 | 馆藏地/架位号 | 状态 | 备注 |
| 1 | 155571 | 201555717 | 社科二线400B/400B社科库 29排2列2层/ [索取号:I565.4/B967/6] | 在馆 | |
| 2 | 155572 | 201555726 | 社科二线400B/400B社科库 28排3列1层/ [索取号:I565.4/B967/6] | 在馆 | |
| 3 | 155573 | 201555735 | 文学库116/116文学库 22排6列6层/ [索取号:I565.4/B967/6] | 在馆 | |
| 4 | 155574 | 201555744 | 社科二线400B/400B社科库 30排1列1层/ [索取号:I565.4/B967/6] | 在馆 | |
| 5 | 155575 | 201555753 | 文学库116/116文学库 22排6列6层/ [索取号:I565.4/B967/6] | 在馆 |